| 000 | 00626nam a2200193 a 4500 | ||
|---|---|---|---|
| 003 | BD-DhJNU | ||
| 005 | 20250831035209.0 | ||
| 008 | 250501s1962 ii a b 001 0 eng | ||
| 040 |
_aBD-DhJNU _bENG _cBD-DhJNU _dBD-DhJNU |
||
| 082 | 0 | 0 |
_a944 COH _223 |
| 100 | 1 | _aCobban, Alfred | |
| 245 | 1 | 0 |
_aHistory of modern France. Vol. 2 : _bfrom the first empire to the fourth republic, 1799-1945 / _cAlfred Cobban |
| 260 |
_aHarmondsworth : _bPenguin Books, _c1962. |
||
| 300 |
_a352 p. : _bill. ; _c18 cm. |
||
| 490 | _vVol: 2 | ||
| 504 | _aIncludes bibliographical references and index. | ||
| 650 | 0 | _aHistory of France | |
| 942 | _cBK | ||
| 999 |
_c2044 _d2044 |
||